00700nam a2200241 a 4500001001300000003000900013005001700022008004100039020001400080082001600094100001700110245002800127260003100155300000900186500003500195505003400230650001600264700001700280902000800297942000700305952013100312999001500443nice12345678IN_TiNIC20260116011704.0050524s1979 puna grp 000 0 eng  ac1001.6500a340.59bPEA aPearl, David aText Book on Muslim Law aPunjabblitracy unitc1979 a317p aincludes index and biblioraphy2 aAppendex, Bibliography, Index aIslamic-Law1 aPearl, David bSRS cBK 001040708StackRoom-aHMIbHMId2010-08-31g1001.65l10o340.59 PEAp09767r2025-02-03s2025-01-27v1001.65w2005-05-24yBK c3418d3418